[Event "33. Open Ciudad de San Sebastian"]
[Site "San Sebastián ESP"]
[Date "2010.04.01"]
[Round "6.10"]
[White "Martin Alvarez, Inigo"]
[Black "Alonso Rosell, Alvar"]
[Result "0-1"]
[WhiteElo "2289"]
[BlackElo "2509"]
[PlyCount "81"]
[EventDate "2010.03.28"]
[EventType "swiss"]
[EventRounds "9"]
[EventCountry "ESP"]
[Source "lmi"]
[SourceDate "2010.03.28"]

1. e4 c6 2. d4 d5 3. exd5 cxd5 4. c4 Nf6 5. Nc3 Nc6 6. Nf3 Bg4 7. cxd5 Nxd5 8.
Qb3 Bxf3 9. gxf3 Nb6 10. d5 Nd4 11. Bb5+ Nd7 12. Qa4 Nxb5 13. Qxb5 g6 14. O-O
Bg7 15. Re1 O-O 16. Bg5 Bf6 17. Bxf6 Nxf6 18. Qxb7 Re8 19. Re2 Rb8 20. Qxa7
Nxd5 21. Nxd5 Qxd5 22. Qe3 Rb4 23. Rd2 Qa5 24. Rad1 e6 25. a3 Rb5 26. b4 Qa8
27. Rd3 Rf5 28. Qb6 Kg7 29. Qd4+ e5 30. Qd5 Rg5+ 31. Kh1 Qa7 32. Qc5 Qb7 33. b5
Rc8 34. Qd5 Qb6 35. f4 Rf5 36. R3d2 Rc5 37. Qa8 Qxb5 38. Rd8 exf4 39. Rg8+ Kh6
40. Qf8+ Kh5 41. f3 0-1

[Event "33. Open Ciudad de San Sebastian"]
[Site "San Sebastián ESP"]
[Date "2010.04.01"]
[Round "6.11"]
[White "Bae, Torstein"]
[Black "Navarrete Espi, Samuel"]
[Result "1-0"]
[WhiteElo "2414"]
[BlackElo "1992"]
[PlyCount "79"]
[EventDate "2010.03.28"]
[EventType "swiss"]
[EventRounds "9"]
[EventCountry "ESP"]
[Source "lmi"]
[SourceDate "2010.03.28"]

1. e4 e5 2. f4 Bc5 3. Nf3 d6 4. Nc3 Nc6 5. Bb5 Bd7 6. d3 Nf6 7. Qe2 Qe7 8. f5
O-O-O 9. Bg5 Nd4 10. Nxd4 exd4 11. Nd5 Qe5 12. Bxd7+ Rxd7 13. Bf4 Qe8 14. Nxf6
gxf6 15. O-O d5 16. e5 Re7 17. Qf2 fxe5 18. Bg5 Rd7 19. Bf6 Rg8 20. Rae1 Bd6
21. Re2 e4 22. Qxd4 Qf8 23. Kh1 Qh6 24. Be5 Bxe5 25. Qxe5 Qd6 26. Qxd6 Rxd6 27.
dxe4 dxe4 28. g3 Re8 29. Kg2 Rd5 30. Rf4 Rde5 31. Kf2 f6 32. Ke3 c5 33. Ref2
R8e7 34. Rh4 Kd7 35. Rff4 Rf7 36. g4 Kd6 37. Rxe4 Kd5 38. c4+ Kd6 39. Rh6 Rfe7
40. Rxf6+ 1-0

[Event "33. Open Ciudad de San Sebastian"]
[Site "San Sebastián ESP"]
[Date "2010.04.01"]
[Round "6.12"]
[White "Acosta Garcia, Alfonso Carlos"]
[Black "Marholev, Dimitar"]
[Result "1/2-1/2"]
[WhiteElo "2327"]
[BlackElo "2423"]
[PlyCount "38"]
[EventDate "2010.03.28"]
[EventType "swiss"]
[EventRounds "9"]
[EventCountry "ESP"]
[Source "lmi"]
[SourceDate "2010.03.28"]

1. d4 Nf6 2. c4 g6 3. Nc3 Bg7 4. Nf3 O-O 5. g3 c5 6. Bg2 d6 7. O-O Nc6 8. d5
Na5 9. Nd2 a6 10. Qc2 Rb8 11. b3 b5 12. Bb2 e6 13. dxe6 Bxe6 14. cxb5 axb5 15.
Nce4 Bf5 16. Qc3 Ne8 17. Qc1 Nf6 18. Qc3 Ne8 19. Qc1 Nf6 1/2-1/2

[Event "33. Open Ciudad de San Sebastian"]
[Site "San Sebastián ESP"]
[Date "2010.04.01"]
[Round "6.14"]
[White "Alvarez Fernandez, Enrique"]
[Black "Trepat Herranz, Joan"]
[Result "1-0"]
[WhiteElo "2366"]
[BlackElo "2305"]
[PlyCount "63"]
[EventDate "2010.03.28"]
[EventType "swiss"]
[EventRounds "9"]
[EventCountry "ESP"]
[Source "lmi"]
[SourceDate "2010.03.28"]

1. d4 d5 2. Bf4 Nf6 3. e3 c5 4. c3 Nc6 5. Nd2 e6 6. Ngf3 Bd6 7. Bg3 Qe7 8. Ne5
Bxe5 9. dxe5 Nd7 10. f4 O-O 11. Bd3 c4 12. Bc2 b5 13. Nf3 f5 14. Bh4 Qe8 15. g4
fxg4 16. Ng5 h6 17. Qxg4 Ndxe5 18. fxe5 Nxe5 19. Qg3 Qh5 20. Bd1 Nd3+ 21. Kd2
Qg6 22. Nf3 Qe4 23. Rg1 Rf7 24. Qg6 Nxb2 25. Qxe4 dxe4 26. Ne5 Rf5 27. Bg3 Nxd1
28. Raxd1 Bb7 29. Ke2 Bd5 30. Bf4 Kh7 31. h4 Raf8 32. Rg4 1-0

[Event "33. Open Ciudad de San Sebastian"]
[Site "San Sebastián ESP"]
[Date "2010.04.01"]
[Round "6.15"]
[White "Piasetski, Leon"]
[Black "Andres Gonzalez, Ivan"]
[Result "1-0"]
[WhiteElo "2280"]
[BlackElo "2340"]
[PlyCount "59"]
[EventDate "2010.03.28"]
[EventType "swiss"]
[EventRounds "9"]
[EventCountry "ESP"]
[Source "lmi"]
[SourceDate "2010.03.28"]

1. Nf3 c5 2. g3 Nc6 3. d4 cxd4 4. Nxd4 e5 5. Nb5 d6 6. Bg2 Be7 7. c4 h6 8. b3
a6 9. N5c3 Nf6 10. O-O O-O 11. Nd5 Nxd5 12. Bxd5 Rb8 13. Nc3 Be6 14. Bg2 Re8
15. a4 Qb6 16. Ba3 Nd4 17. Rb1 Qa5 18. Nd5 Bxd5 19. cxd5 Nf5 20. Bc1 Bf6 21.
Bh3 Ne7 22. e4 Qb4 23. Qe2 Bg5 24. Bxg5 hxg5 25. Rfc1 b5 26. axb5 axb5 27. Rc7
g6 28. Ra1 Qxb3 29. Qg4 Rbc8 30. Rxe7 1-0

[Event "33. Open Ciudad de San Sebastian"]
[Site "San Sebastián ESP"]
[Date "2010.04.01"]
[Round "6.16"]
[White "Jakobsen, Ole"]
[Black "Diez Fraile, David"]
[Result "1/2-1/2"]
[WhiteElo "2332"]
[BlackElo "2168"]
[PlyCount "59"]
[EventDate "2010.03.28"]
[EventType "swiss"]
[EventRounds "9"]
[EventCountry "ESP"]
[Source "lmi"]
[SourceDate "2010.03.28"]

1. d4 Nf6 2. c4 c5 3. d5 e6 4. Nc3 exd5 5. cxd5 d6 6. e4 g6 7. h3 Bg7 8. Nf3
O-O 9. Bd3 b5 10. O-O c4 11. Bc2 b4 12. Ne2 Re8 13. Ng3 Nbd7 14. Be3 a5 15. Bd4
Ba6 16. Re1 Rc8 17. Ba4 Re7 18. Bxd7 Nxd7 19. Bxg7 Kxg7 20. a3 Bb7 21. axb4
axb4 22. Qd4+ Kg8 23. Rec1 Ne5 24. Nd2 Rec7 25. f4 Nd3 26. Rf1 Qh4 27. Ne2 Qe7
28. Ng3 Qh4 29. Ne2 Qe7 30. Ng3 1/2-1/2

[Event "33. Open Ciudad de San Sebastian"]
[Site "San Sebastián ESP"]
[Date "2010.04.01"]
[Round "6.18"]
[White "Darrigues, Alain"]
[Black "Thomassen, Joachim"]
[Result "0-1"]
[WhiteElo "1997"]
[BlackElo "2331"]
[PlyCount "56"]
[EventDate "2010.03.28"]
[EventType "swiss"]
[EventRounds "9"]
[EventCountry "ESP"]
[Source "lmi"]
[SourceDate "2010.03.28"]

1. d4 Nf6 2. c4 e6 3. Nc3 Bb4 4. e3 O-O 5. Bd3 d5 6. Nf3 c5 7. O-O dxc4 8. Bxc4
cxd4 9. exd4 Nbd7 10. Bg5 Qc7 11. Qd3 Bxc3 12. bxc3 b6 13. Rac1 Bb7 14. Bb3 h6
15. Bxf6 Nxf6 16. Rfe1 Rac8 17. Ne5 Rfd8 18. Re3 Nd5 19. Bc2 f5 20. Bb3 Qd6 21.
Nc4 Qe7 22. Rg3 Ba6 23. Re1 Rc7 24. Qd2 f4 25. Rg6 Bxc4 26. Rgxe6 Qf7 27. Bc2
Ne3 28. Bg6 Qxe6 0-1

[Event "33. Open Ciudad de San Sebastian"]
[Site "San Sebastián ESP"]
[Date "2010.04.01"]
[Round "6.19"]
[White "Vea, Odin Blikra"]
[Black "Ledger, Andrew J"]
[Result "0-1"]
[WhiteElo "2195"]
[BlackElo "2431"]
[PlyCount "64"]
[EventDate "2010.03.28"]
[EventType "swiss"]
[EventRounds "9"]
[EventCountry "ESP"]
[Source "lmi"]
[SourceDate "2010.03.28"]

1. e4 c6 2. Nf3 d5 3. exd5 cxd5 4. Ne5 Nd7 5. d4 g6 6. Bb5 Bg7 7. Nc3 Ngf6 8.
O-O O-O 9. Bg5 Nb6 10. Re1 Bf5 11. a4 a6 12. Bd3 Bxd3 13. Nxd3 e6 14. Qf3 h6
15. Bh4 Nc4 16. b3 Nd6 17. Ne5 Rc8 18. Rad1 g5 19. Bg3 Nf5 20. Re2 Qb6 21. Qd3
Nxd4 22. Qxd4 Qxd4 23. Rxd4 Rxc3 24. Rb4 Ne4 25. Rxb7 Rfc8 26. Nxf7 Rxc2 27.
Rxc2 Rxc2 28. h3 Nxg3 29. fxg3 d4 30. Kf1 d3 31. Nd6 Rc1+ 32. Kf2 d2 0-1

[Event "33. Open Ciudad de San Sebastian"]
[Site "San Sebastián ESP"]
[Date "2010.04.01"]
[Round "6.20"]
[White "Hernandez, Elvis"]
[Black "Bas Mas, Jose Joaquin"]
[Result "1-0"]
[WhiteElo "2277"]
[BlackElo "2051"]
[PlyCount "145"]
[EventDate "2010.03.28"]
[EventType "swiss"]
[EventRounds "9"]
[EventCountry "ESP"]
[Source "lmi"]
[SourceDate "2010.03.28"]

1. e4 e6 2. d4 d5 3. Nc3 Nf6 4. exd5 exd5 5. h3 Nc6 6. Bg5 Be7 7. Nf3 O-O 8.
Bd3 h6 9. Be3 Bb4 10. a3 Bxc3+ 11. bxc3 Ne4 12. c4 Re8 13. cxd5 Qxd5 14. O-O b5
15. Rc1 Nd6 16. Bf4 Bf5 17. Bxd6 Bxd3 18. Qxd3 cxd6 19. c4 bxc4 20. Qxc4 Qxc4
21. Rxc4 Rec8 22. Rb1 Ne7 23. Rxc8+ Rxc8 24. Rb7 Rc1+ 25. Kh2 Nc8 26. Rb8 g6
27. d5 Kg7 28. Nd4 Rc5 29. Nc6 Nb6 30. Nxa7 Nxd5 31. Nb5 Rc6 32. Rd8 Rc5 33.
Nxd6 Nf6 34. Ne8+ Nxe8 35. Rxe8 Rc3 36. Re3 Rc4 37. g4 Rc2 38. Kg3 g5 39. f4
Kg6 40. f5+ Kf6 41. Rb3 Ra2 42. h4 gxh4+ 43. Kxh4 Rh2+ 44. Kg3 Ra2 45. Kh4 Rh2+
46. Kg3 Ra2 47. Kf4 Rf2+ 48. Rf3 Ra2 49. Rh3 Kg7 50. Ke5 Rg2 51. Kf4 Ra2 52.
Rb3 Rf2+ 53. Ke5 Re2+ 54. Kf4 Rf2+ 55. Ke5 Re2+ 56. Kd5 Kf6 57. a4 Re5+ 58. Kd4
Ra5 59. Rb4 Kg5 60. Kc3 f6 61. Rc4 Ra8 62. Kb4 h5 63. gxh5 Kxh5 64. a5 Kg5 65.
Rc5 Rb8+ 66. Ka4 Rb1 67. a6 Ra1+ 68. Kb5 Rb1+ 69. Kc6 Rb8 70. Ra5 Rc8+ 71. Kb7
Re8 72. a7 Re7+ 73. Kc6 1-0

[Event "33. Open Ciudad de San Sebastian"]
[Site "San Sebastián ESP"]
[Date "2010.04.01"]
[Round "6.21"]
[White "Fehr, Jukka"]
[Black "Hagesaether, Ellen"]
[Result "0-1"]
[WhiteElo "2024"]
[BlackElo "2269"]
[PlyCount "50"]
[EventDate "2010.03.28"]
[EventType "swiss"]
[EventRounds "9"]
[EventCountry "ESP"]
[Source "lmi"]
[SourceDate "2010.03.28"]

1. d4 f5 2. e4 fxe4 3. Nc3 Nf6 4. f3 d5 5. fxe4 dxe4 6. Bg5 Bf5 7. Bc4 Nc6 8.
d5 Ne5 9. Bb5+ c6 10. Qd4 Qd6 11. Bf4 Nfd7 12. g4 Bg6 13. Bxe5 Qxe5 14. Qxe5
Nxe5 15. Ba4 O-O-O 16. dxc6 bxc6 17. Bb3 Kc7 18. h3 h5 19. g5 Bf5 20. Rd1 Rxd1+
21. Nxd1 e6 22. Ne3 Bc5 23. Nc4 Nf3+ 24. Nxf3 exf3 25. Ne5 Be4 0-1

[Event "33. Open Ciudad de San Sebastian"]
[Site "San Sebastián ESP"]
[Date "2010.04.01"]
[Round "6.22"]
[White "Nava Pereda, Carlos"]
[Black "Segura Del Frago, Imanol"]
[Result "1-0"]
[WhiteElo "2254"]
[BlackElo "2010"]
[PlyCount "57"]
[EventDate "2010.03.28"]
[EventType "swiss"]
[EventRounds "9"]
[EventCountry "ESP"]
[Source "lmi"]
[SourceDate "2010.03.28"]

1. d4 Nf6 2. c4 g6 3. Nc3 Bg7 4. e4 d6 5. f3 O-O 6. Be3 Nc6 7. Nge2 a6 8. Qd2
Rb8 9. Rc1 e5 10. d5 Ne7 11. b4 Nh5 12. g4 Nf4 13. Nxf4 exf4 14. Bxf4 f5 15.
Be2 fxg4 16. fxg4 Kh8 17. O-O Ng8 18. Bg5 Nf6 19. h3 Qe7 20. Bf3 Bd7 21. Rce1
Rbe8 22. Bg2 h5 23. gxh5 gxh5 24. c5 Qf7 25. e5 dxe5 26. Bxf6 Bxf6 27. Qh6+ Kg8
28. Ne4 Qg7 29. Nxf6+ 1-0

[Event "33. Open Ciudad de San Sebastian"]
[Site "San Sebastián ESP"]
[Date "2010.04.01"]
[Round "6.23"]
[White "Bjerke, Silje"]
[Black "Fletcher, John"]
[Result "0-1"]
[WhiteElo "2218"]
[BlackElo "2004"]
[PlyCount "78"]
[EventDate "2010.03.28"]
[EventType "swiss"]
[EventRounds "9"]
[EventCountry "ESP"]
[Source "lmi"]
[SourceDate "2010.03.28"]

1. e4 c5 2. Nf3 Nc6 3. Nc3 d6 4. d4 cxd4 5. Nxd4 e5 6. Nf5 Bxf5 7. exf5 Nge7 8.
Bg5 Nd4 9. f6 gxf6 10. Bxf6 Rg8 11. Ne4 Qa5+ 12. b4 Qb6 13. c3 Bh6 14. Bxe7
Kxe7 15. Rb1 Qc6 16. Qd3 Nf5 17. b5 Qc7 18. Qf3 d5 19. Qxf5 dxe4 20. Qh3 e3 21.
fxe3 Qxc3+ 22. Kf2 Rg6 23. Rd1 Rf6+ 24. Ke2 Rd8 25. Rxd8 Kxd8 26. Qg3 Qc2+ 27.
Ke1 Qb1+ 28. Ke2 Qxb5+ 29. Ke1 Qb1+ 30. Ke2 Qxa2+ 31. Ke1 Qb1+ 32. Ke2 Qc2+ 33.
Ke1 Rb6 34. Be2 Rb1+ 35. Kf2 Qf5+ 36. Bf3 Rxh1 37. Qh4+ Bg5 38. Qb4 e4 39. Qd4+
Ke8 0-1

[Event "33. Open Ciudad de San Sebastian"]
[Site "San Sebastián ESP"]
[Date "2010.04.01"]
[Round "6.24"]
[White "Segovia Sanchez, Antonio"]
[Black "Andersen, Alf R"]
[Result "1/2-1/2"]
[WhiteElo "1998"]
[BlackElo "2185"]
[PlyCount "85"]
[EventDate "2010.03.28"]
[EventType "swiss"]
[EventRounds "9"]
[EventCountry "ESP"]
[Source "lmi"]
[SourceDate "2010.03.28"]

1. d4 f5 2. g3 Nf6 3. Bg2 g6 4. Nh3 Bg7 5. Nf4 Nc6 6. h4 d6 7. d5 Ne5 8. c4 c5
9. Nd2 Qa5 10. Qc2 Bd7 11. O-O O-O 12. b3 a6 13. Bb2 Nfg4 14. Nf3 Nxf3+ 15.
exf3 Ne5 16. Nh3 f4 17. Nxf4 b5 18. Qe2 bxc4 19. bxc4 Rab8 20. Nd3 Rxb2 21.
Nxb2 Qa3 22. f4 Bg4 23. f3 Nxf3+ 24. Bxf3 Bxb2 25. Rab1 Bd4+ 26. Kg2 Bf5 27.
Rb3 Qa5 28. Rb7 Bf6 29. g4 Bc8 30. Rb8 Qc7 31. Rfb1 Bxh4 32. Qe3 Bf6 33. R8b3
Bd4 34. Qd2 Qd7 35. Re1 h5 36. f5 hxg4 37. Bxg4 Qe8 38. Qg5 Bf6 39. Qh6 Bg7 40.
Qg5 Bf6 41. Qh6 Bg7 42. Qg5 Bf6 43. Qh6 1/2-1/2

[Event "33. Open Ciudad de San Sebastian"]
[Site "San Sebastián ESP"]
[Date "2010.04.01"]
[Round "6.26"]
[White "Hagemann, Tim Dr"]
[Black "Perez Cameselle, Francisco"]
[Result "1-0"]
[WhiteElo "2164"]
[BlackElo "1958"]
[PlyCount "49"]
[EventDate "2010.03.28"]
[EventType "swiss"]
[EventRounds "9"]
[EventCountry "ESP"]
[Source "lmi"]
[SourceDate "2010.03.28"]

1. d4 Nf6 2. Nf3 e6 3. e3 b6 4. Bd3 Bb7 5. O-O Ne4 6. Nfd2 d5 7. f3 Nf6 8. c3
Be7 9. e4 O-O 10. e5 Nfd7 11. f4 f5 12. exf6 Nxf6 13. Qe2 Qd6 14. Nf3 Ne4 15.
Nbd2 Nxd2 16. Bxd2 Nc6 17. Rae1 Bc8 18. Ne5 Nxe5 19. fxe5 Qd7 20. Qh5 g6 21.
Bxg6 hxg6 22. Qxg6+ Kh8 23. Bh6 Rg8 24. Qh5 Qe8 25. Rf7 1-0

[Event "33. Open Ciudad de San Sebastian"]
[Site "San Sebastián ESP"]
[Date "2010.04.01"]
[Round "6.27"]
[White "Sanchez Dolado, Jorge"]
[Black "Corral Sierra, Javier"]
[Result "1-0"]
[WhiteElo "1966"]
[BlackElo "2123"]
[PlyCount "80"]
[EventDate "2010.03.28"]
[EventType "swiss"]
[EventRounds "9"]
[EventCountry "ESP"]
[Source "lmi"]
[SourceDate "2010.03.28"]

1. d4 Nf6 2. c4 c5 3. d5 b5 4. f3 bxc4 5. e4 e6 6. Nc3 exd5 7. Nxd5 Nc6 8. Bxc4
Be7 9. Ne2 O-O 10. Nec3 Bb7 11. Bf4 Nxd5 12. Nxd5 Rc8 13. O-O Bf6 14. Nxf6+
Qxf6 15. Bd6 Rfe8 16. Bd5 Ba6 17. Rf2 Ne5 18. Bxe5 Qxe5 19. Qa4 Qf6 20. Qxd7
Re7 21. Qa4 Bd3 22. Bc4 Bxc4 23. Qxc4 Rd7 24. Rc1 g6 25. Rfc2 Qb6 26. Qe2 a5
27. b3 a4 28. bxa4 c4+ 29. Qf2 Qb4 30. h3 Qxa4 31. Qe2 Rd3 32. Rd2 Rxd2 33.
Qxd2 Ra8 34. Qc3 Rc8 35. a3 h5 36. Qb4 Qa7+ 37. Kh1 Qd4 38. Qc3 Qf2 39. a4 h4
40. a5 Qa2 1-0

[Event "33. Open Ciudad de San Sebastian"]
[Site "San Sebastián ESP"]
[Date "2010.04.01"]
[Round "6.28"]
[White "Rodriguez Cabrera, Fco  Javier"]
[Black "Torres Ganuza, Fco  Javier"]
[Result "0-1"]
[WhiteElo "1962"]
[BlackElo "2109"]
[PlyCount "80"]
[EventDate "2010.03.28"]
[EventType "swiss"]
[EventRounds "9"]
[EventCountry "ESP"]
[Source "lmi"]
[SourceDate "2010.03.28"]

1. e4 c5 2. Nf3 d6 3. d4 cxd4 4. Nxd4 Nf6 5. Nc3 a6 6. Be3 e6 7. f3 Qc7 8. Qd2
b5 9. a3 Bb7 10. g4 Nc6 11. h4 Be7 12. h5 h6 13. Rg1 O-O-O 14. Qf2 Nd7 15. Nxc6
Qxc6 16. O-O-O Kb8 17. f4 Nc5 18. Bg2 Qc7 19. Kb1 Rc8 20. Rd2 Ka8 21. Rgd1 Bc6
22. b4 Nd7 23. Bf3 Qb7 24. Qg2 Nb6 25. Bxb6 Qxb6 26. Rxd6 Bxd6 27. Rxd6 Rhd8
28. Rxc6 Rxc6 29. e5 Kb7 30. g5 Kc7 31. Bxc6 Qxc6 32. Qg3 Rd4 33. Kb2 Rc4 34.
Qe3 Qb6 35. Qd3 Qd4 36. Qf3 Qxf4 37. Qd3 Qxe5 38. Qf3 Qxc3+ 39. Qxc3 Rxc3 40.
Kxc3 hxg5 0-1

[Event "33. Open Ciudad de San Sebastian"]
[Site "San Sebastián ESP"]
[Date "2010.04.01"]
[Round "6.29"]
[White "Uriarte Prieto, Goyo"]
[Black "Iglesias Gonzalez, Veronica"]
[Result "1-0"]
[WhiteElo "2086"]
[BlackElo "1803"]
[PlyCount "57"]
[EventDate "2010.03.28"]
[EventType "swiss"]
[EventRounds "9"]
[EventCountry "ESP"]
[Source "lmi"]
[SourceDate "2010.03.28"]

1. e4 e5 2. Nf3 d6 3. d4 exd4 4. Nxd4 Nf6 5. Nc3 g6 6. h3 Bg7 7. Be3 Qe7 8. Bd3
c6 9. Qd2 b5 10. a3 Bb7 11. O-O Nbd7 12. Bh6 O-O 13. Rfe1 a6 14. Bxg7 Kxg7 15.
Rad1 Rad8 16. Qg5 Kh8 17. f4 c5 18. Nf3 c4 19. Bf1 Rfe8 20. e5 dxe5 21. Nxe5
Qc5+ 22. Kh1 Qf8 23. Rd6 Re6 24. Nxf7+ Qxf7 25. Rdxe6 Rf8 26. Re7 Qg8 27. Rd1
Nc5 28. Qxc5 Bc8 29. Qe5 1-0

[Event "33. Open Ciudad de San Sebastian"]
[Site "San Sebastián ESP"]
[Date "2010.04.01"]
[Round "6.30"]
[White "Montoya Irigoyen, Inigo"]
[Black "Cantabrana Garona, Alejandro"]
[Result "1-0"]
[WhiteElo "2083"]
[BlackElo "1780"]
[PlyCount "95"]
[EventDate "2010.03.28"]
[EventType "swiss"]
[EventRounds "9"]
[EventCountry "ESP"]
[Source "lmi"]
[SourceDate "2010.03.28"]

1. c4 Nf6 2. g3 d5 3. cxd5 Nxd5 4. Bg2 c6 5. Nc3 Nxc3 6. bxc3 g6 7. Nf3 Bg7 8.
O-O O-O 9. a4 e5 10. d4 exd4 11. cxd4 Na6 12. Ba3 Re8 13. e3 Nc7 14. Qb3 Rb8
15. Rfc1 Be6 16. Qb4 Bd5 17. Qd6 Ne6 18. Qxd8 Rbxd8 19. Rab1 Rd7 20. Nd2 Nd8
21. Nc4 Bxg2 22. Kxg2 f6 23. Rb3 Bf8 24. Bb2 Kf7 25. a5 Ne6 26. Ba3 h5 27. Rcb1
Nd8 28. Bc5 Bxc5 29. dxc5 Ree7 30. Nd6+ Ke6 31. Nc8 Re8 32. Nxa7 Rd5 33. Rc1
Kd7 34. Rb6 Kc7 35. Rcb1 Rxc5 36. a6 bxa6 37. Rxa6 Rc2 38. Kf3 g5 39. h3 Rc5
40. Ra2 Ne6 41. Rab2 f5 42. Rb7+ Kd6 43. Rd1+ Ke5 44. Rb6 g4+ 45. hxg4 hxg4+
46. Kg2 Rd5 47. Nxc6+ Ke4 48. Rb4+ 1-0

[Event "33. Open Ciudad de San Sebastian"]
[Site "San Sebastián ESP"]
[Date "2010.04.01"]
[Round "6.32"]
[White "Thomassen, Thomas"]
[Black "Recuero Guerra, David"]
[Result "0-1"]
[WhiteElo "2041"]
[BlackElo "2481"]
[PlyCount "60"]
[EventDate "2010.03.28"]
[EventType "swiss"]
[EventRounds "9"]
[EventCountry "ESP"]
[Source "lmi"]
[SourceDate "2010.03.28"]

1. c4 e5 2. g3 Nc6 3. Nc3 f5 4. Nf3 Nf6 5. d4 e4 6. Nh4 d6 7. Bh3 g6 8. Bg5 Bg7
9. Qd2 O-O 10. Nd5 Ne7 11. Nxf6+ Bxf6 12. Bxf6 Rxf6 13. d5 Qf8 14. O-O-O b5 15.
Bf1 bxc4 16. e3 c5 17. Bxc4 Qg7 18. Ng2 Rf8 19. h4 Rb8 20. Qc3 Rb4 21. Qxg7+
Kxg7 22. b3 Bd7 23. Nf4 Rfb8 24. Ne6+ Kf6 25. Nf4 h5 26. Kc2 a5 27. a3 R4b6 28.
a4 Rb4 29. Kc3 Nc8 30. Rb1 Bxa4 0-1

[Event "33. Open Ciudad de San Sebastian"]
[Site "San Sebastián ESP"]
[Date "2010.04.01"]
[Round "6.33"]
[White "Tome Vazquez, Oscar"]
[Black "Nelson, Jonathan P"]
[Result "1/2-1/2"]
[WhiteElo "2015"]
[BlackElo "2245"]
[PlyCount "81"]
[EventDate "2010.03.28"]
[EventType "swiss"]
[EventRounds "9"]
[EventCountry "ESP"]
[Source "lmi"]
[SourceDate "2010.03.28"]

1. d4 Nf6 2. c4 g6 3. Nf3 Bg7 4. Bf4 O-O 5. e3 d6 6. h3 Nbd7 7. Be2 Qe8 8. O-O
e5 9. Bh2 Qe7 10. Nc3 e4 11. Nd2 Re8 12. b4 Nf8 13. Nb3 h5 14. Rc1 a6 15. c5 d5
16. Na5 Ne6 17. Qb3 c6 18. Na4 Nd7 19. Qc2 f5 20. Nb3 Bh6 21. Bd6 Qf7 22. g3
Bf8 23. Bxf8 Rxf8 24. h4 Rb8 25. Nb6 Nxb6 26. cxb6 Qe7 27. Nc5 Ng7 28. Kg2 Qd8
29. Na4 Ne6 30. Qd1 f4 31. exf4 Qf6 32. Qd2 Nxd4 33. Bd1 Bf5 34. Nc5 Rf7 35. a4
Re8 36. Qc3 Kg7 37. Re1 Bc8 38. Nd3 Kh7 39. Qa1 Bd7 40. Nc5 Bc8 41. Qc3 1/2-1/2

[Event "33. Open Ciudad de San Sebastian"]
[Site "San Sebastián ESP"]
[Date "2010.04.01"]
[Round "6.34"]
[White "Lopez Heras, Arturo"]
[Black "Ros Eskisabel, Jose Ramon"]
[Result "1/2-1/2"]
[WhiteElo "2001"]
[BlackElo "2143"]
[PlyCount "99"]
[EventDate "2010.03.28"]
[EventType "swiss"]
[EventRounds "9"]
[EventCountry "ESP"]
[Source "lmi"]
[SourceDate "2010.03.28"]

1. e4 e5 2. f4 d5 3. exd5 c6 4. d3 exf4 5. Bxf4 cxd5 6. Nf3 Nf6 7. Nc3 Be7 8.
d4 O-O 9. Bd3 Nc6 10. a3 Bg4 11. h3 Bxf3 12. gxf3 Nh5 13. Be3 Bh4+ 14. Kd2 Re8
15. f4 g6 16. Rg1 Kh8 17. Qf3 Bf6 18. Ne2 Qd7 19. f5 Ne7 20. fxg6 fxg6 21. Raf1
Rf8 22. Qg2 Bg7 23. c3 Rae8 24. Bg5 Nf6 25. Nf4 Qc6 26. h4 Ne4+ 27. Bxe4 dxe4
28. h5 e3+ 29. Ke1 e2 30. Nxe2 Rxf1+ 31. Kxf1 Nd5 32. hxg6 hxg6 33. Rh1+ Kg8
34. Qh3 Qc4 35. Rh2 Rf8+ 36. Ke1 Rf5 37. Bc1 Kf7 38. Ng3 Rf6 39. Qd7+ Ne7 40.
Re2 Bf8 41. Ne4 Qd3 42. Nxf6 Kxf6 43. Qe6+ Kg7 44. Qe5+ Kg8 45. Rh2 Nf5 46.
Rh8+ Kf7 47. Rh7+ Bg7 48. Qd5+ Kf8 49. Qd8+ Kf7 50. Qd5+ 1/2-1/2

[Event "33. Open Ciudad de San Sebastian"]
[Site "San Sebastián ESP"]
[Date "2010.04.01"]
[Round "6.35"]
[White "Meneses Gonzalez, Kevin Moises"]
[Black "Etxeberria Iriondo, Sabino"]
[Result "1-0"]
[WhiteElo "2117"]
[BlackElo "1958"]
[PlyCount "133"]
[EventDate "2010.03.28"]
[EventType "swiss"]
[EventRounds "9"]
[EventCountry "ESP"]
[Source "lmi"]
[SourceDate "2010.03.28"]

1. e4 e5 2. Nf3 Nc6 3. Bb5 g6 4. O-O Bg7 5. c3 a6 6. Ba4 b5 7. Bb3 Nge7 8. d4
O-O 9. a4 bxa4 10. Rxa4 d6 11. h3 h6 12. Be3 exd4 13. cxd4 d5 14. e5 f5 15.
exf6 Rxf6 16. Nc3 Bf5 17. Ne5 Rd6 18. Nxc6 Nxc6 19. Bf4 Rd7 20. Re1 g5 21. Be5
Nxe5 22. dxe5 Be6 23. Rd4 c6 24. Qd3 Qa5 25. Bc2 Re7 26. Qh7+ Kf8 27. Rd3 Ke8
28. Qg6+ Kd7 29. Rdd1 Rg8 30. Bf5 Bxf5 31. Qxf5+ Kc7 32. Qd3 Rf8 33. Qc2 Rd8
34. Ra1 Qb6 35. Ne4 Qb5 36. Nc5 a5 37. Nd3 Qc4 38. Qd2 Kd7 39. Rxa5 Ke8 40. Rc5
Qa4 41. Rcc1 Qd4 42. Qc2 Kf8 43. e6 Kg8 44. b3 Rf8 45. Rcd1 Qc3 46. Qxc3 Bxc3
47. Re2 Rf6 48. Nc5 Bb4 49. Na6 Bc3 50. Rd3 d4 51. Nc5 Bb4 52. Ne4 Rfxe6 53.
Rxd4 Rb7 54. Ng3 Rxe2 55. Nxe2 Be7 56. Rd3 c5 57. g4 Bf6 58. Ng3 Bd4 59. Nf5
Kh7 60. Kg2 Rb8 61. Kf3 Rb4 62. Nxd4 cxd4 63. Ke4 Kg6 64. Kd5 Kf6 65. Kc5 Rb8
66. Kxd4 Ke6 67. Kc5 1-0

[Event "33. Open Ciudad de San Sebastian"]
[Site "San Sebastián ESP"]
[Date "2010.04.01"]
[Round "6.36"]
[White "Tung, Kai Ming"]
[Black "Rodriguez Lapetra, Pablo"]
[Result "0-1"]
[WhiteElo "1957"]
[BlackElo "2105"]
[PlyCount "90"]
[EventDate "2010.03.28"]
[EventType "swiss"]
[EventRounds "9"]
[EventCountry "ESP"]
[Source "lmi"]
[SourceDate "2010.03.28"]

1. e4 c5 2. Nf3 Nc6 3. c4 e6 4. Nc3 Nf6 5. Be2 d5 6. cxd5 exd5 7. exd5 Nxd5 8.
O-O Be7 9. Nxd5 Qxd5 10. b3 O-O 11. Bb2 Bf5 12. d4 Bf6 13. Bc4 Qd6 14. Bd3 Bxd3
15. Qxd3 cxd4 16. a3 Rad8 17. Rad1 Rfe8 18. Rfe1 Rxe1+ 19. Rxe1 h6 20. h3 Ne7
21. Nd2 Ng6 22. Qf3 Qf4 23. Rd1 b6 24. g3 Qxf3 25. Nxf3 Nf8 26. Kf1 Ne6 27. b4
Kf8 28. Rd3 Rc8 29. Rd2 Rc4 30. Ke2 Ng5 31. Nxg5 Bxg5 32. f4 Bf6 33. Kd3 b5 34.
Re2 g6 35. h4 h5 36. Re4 Bh8 37. Bxd4 f5 38. Re5 Bxe5 39. fxe5 a6 40. Bc5+ Kf7
41. a4 Rg4 42. axb5 axb5 43. Bd6 Ke6 44. Bc7 Kd5 45. Ke2 Rxb4 0-1